000 00489nam a2200169Ia 4500
008 121219t1962 xxu||||| |||| 00| 0 sin d
041 _asin
080 _a8S-31
_bSAR
100 _aSarachchandra, Ediriweera
245 _aවල්මත් වී හසරක් නුදුටිමි
246 _aWalmath We Hasarak Nudutimi
260 _bSaman Publishers
_aMaharagama
_c1962
300 _a367p., 18 cm
942 _cBK
999 _c69521
_d69521
003 LK-CoDNM
040 _aLK-CoDNM
_dLK-CoDNM
_eLK-CoDNM